| 000 | 00473nam a2200193Ia 4500 | ||
|---|---|---|---|
| 005 | 20250603150000.0 | ||
| 008 | 250603s9999 xx 000 0 und d | ||
| 020 | _a9780139546297 | ||
| 050 | _aQC 6 .M36/ | ||
| 100 | _aMcDermott, Lillian C. | ||
| 245 | 0 | _aTutorials in introductory physics | |
| 250 | _aPrelim. ed. | ||
| 260 | _aUpper Saddle River | ||
| 260 | _bPrentice Hall | ||
| 260 | _cc1998 | ||
| 300 | _a147 p | ||
| 650 | _aUpper Saddle River | ||
| 942 | _cBK | ||
| 999 |
_c43422 _d43422 |
||